Yagil L., Chrétiens et Juifs sous Vichy (1940-1944). Sauvetage et désobéissance civile, coll. Histoire, Paris, Cerf, 2005, 24x15, II-765 p., 59 €. ISBN 2-204-07585-X (notice n° 1620764)
[ vue normale ]
| 000 -LEADER | |
|---|---|
| fixed length control field | 00577cam a2200133 4500500 |
| 005 - DATE AND TIME OF LATEST TRANSACTION | |
| control field | 20260111091250.0 |
| 041 ## - LANGUAGE CODE | |
| Language code of text/sound track or separate title | fre |
| 042 ## - AUTHENTICATION CODE | |
| Authentication code | dc |
| 245 00 - TITLE STATEMENT | |
| Title | Yagil L., Chrétiens et Juifs sous Vichy (1940-1944). Sauvetage et désobéissance civile, coll. Histoire, Paris, Cerf, 2005, 24x15, II-765 p., 59 €. ISBN 2-204-07585-X |
| 260 ## - PUBLICATION, DISTRIBUTION, ETC. | |
| Date of publication, distribution, etc. | 2005.<br/> |
| 500 ## - GENERAL NOTE | |
| General note | 34 |
| 786 0# - DATA SOURCE ENTRY | |
| Note | Nouvelle revue théologique | 127 | 4 | 2005-12-15 | p. 647f-652f | 0029-4845 |
| 856 41 - ELECTRONIC LOCATION AND ACCESS | |
| Uniform Resource Identifier | <a href="https://shs.cairn.info/revue-nouvelle-revue-theologique-2005-4-page-647f?lang=fr&redirect-ssocas=7080">https://shs.cairn.info/revue-nouvelle-revue-theologique-2005-4-page-647f?lang=fr&redirect-ssocas=7080</a> |
Pas d'exemplaire disponible.




Réseaux sociaux